Регионална библиотека "Любен Каравелов" - Русе

Специална фитопатология (Запис номер 57801)

MARC детайли
000 -Лидер
Контролно поле с фиксирана дължина 01210nam a2200301 c 4500
003 - Код на организацията, давaща контролен номер
Контролно поле BLK
005 - Дата и час на последна редакция
Контролно поле 20180420222720.0
008 - Елементи от данни с фиксирана дължина
fixed length control field 180408b bul|||||r ||||||| ||bul||
010 ## - Наследен системен номер
LC control number KNG00061811000
040 ## - Източник на каталожния запис
Идентификатор на билиотеката - собственик на записа BLK
041 ## - Код за език
Код за езика на текст/звукозапис или на отделно заглавие Български
Код за езика КДБФ Български
080 ## - УДК
Текстов определител УДК Вредители на растенията. Болести. Защита
УДК код - определител по УДК 632
УДК определител (075.8)
УДК - код + определител 632(075.8)
100 1# - Редна дума - Автор
Автор Христов, Александър
Авторска отговорност първи автор
R(LIN) 287730
139 ## - Редно поле
Редна дума Христов, Александър
Авторски знак Христов - Х 78
245 10 - Сведения за заглавието
Заглавие Специална фитопатология
Подзаглавни данни Болести по културните растения в България : Учебник за студентите от СА Г. Димитров
Редно поле (дума) Александър Христов.
250 ## - Област на изданието
Сведения за изданието 4. прераб. и доп. изд
257 ## - Страна на издаване
Страна на създаване/издаване България
260 ## - Област на издателските данни
-- София
Име на издателя, разпространителя и проч. Земиздат
Година на издаване 1976
300 ## - Физическа характеристика
Страници 464 с.
Размери/Мащаб 25 см
380 ## - Жанр
Жанр Селско стопанство
650 #4 - Допълнително описание по предмет – тема
Основно описание – тема или топоним Фитопатология, селскостопанска - учебници за ВУЗ
9 (RLIN) 175864
653 ## - Ключова дума – ненормативна
Ключова дума фитопатология
852 ## - Местоположение
Форматна сигнатура Цб 80534
856 4# - Електронен адрес и достъп
Електронен формат pdf - файл
Път до файла /url/
856 4# - Електронен адрес и достъп
Електронен формат pdf - файл
Път до файла /url/
942 ## - АРТИКУЛИ
Вид на библиотечния материал Книги
Скрит в OPAC Не
944 ## - СЪЗДАВАНЕ И РЕДАКЦИЯ на ЗАПИСА
Създаване/Редакция Създаване
Дата на регистрацията/редакция 13.06.2004
Служител, извършил регистрацията/редакцията Читалня
944 ## - СЪЗДАВАНЕ И РЕДАКЦИЯ на ЗАПИСА
Създаване/Редакция Редакция
Дата на регистрацията/редакция 14.10.2015
Служител, извършил регистрацията/редакцията
999 ## - СИСТЕМНИ КОНТРОЛНИ НОМЕРА
Koha biblionumber 57801
Koha biblioitemnumber 57801
Наличности
Код за отписване Код за изгубен артикул Източник на класификационната схема Код за повреда Коз за рестрикции Код за отдаване Артикулен № Име на библиотеката - собственик Име на библиотеката, в която се намира в момента Статус (Текущо местоположение) Дата на вписване в системата Местоположение - отдел Цена в лева Инвентарен номер Систематично азбучна сигнатура Баркод Номер на екземпляра Цена в евро Служебна бележка Служебен тип на артикула Бележка за публиката
Изтеглен Не е изгубен Universal Decimal Classification Не е повреден без рестрикции ползва се в читалня 94382 Регионална библиотека "Любен Каравелов" Русе Регионална библиотека "Любен Каравелов" Русе Читалня 1993-01-01 Читалня 2.13 206398 Ч 632/Х78Л 206398 1 1.09 Дата инв: 20.03.2017 Бележки инв: Ч2017 Книги  
Изтеглен Не е изгубен   Не е повреден без рестрикции заемане за дома 94383 Регионална библиотека "Любен Каравелов" Русе Регионална библиотека "Любен Каравелов" Русе   1976-01-01 Заемна - подръчен фонд 2.13 206395 П 632/Х 78 206395 2 1.09 N: стар фонд Дата: 01.01.1976 Книги Отч.N: 31/2018 , Дата: 28.03.2018
Изтеглен Не е изгубен Universal Decimal Classification Не е повреден без рестрикции заемане за дома 94384 Регионална библиотека "Любен Каравелов" Русе Регионална библиотека "Любен Каравелов" Русе Заемна - подръчен фонд 1976-01-01 Заемна - подръчен фонд 2.13 206397 П 632/Х 78 206397 3 1.09 N: стар фонд Дата: 01.01.1976 Дата инв: 06.02.2018 Бележки инв: П2018 Книги  
  Не е изгубен Universal Decimal Classification Не е повреден само за читалня ползва се в читалня 94385 Регионална библиотека "Любен Каравелов" Русе Регионална библиотека "Любен Каравелов" Русе Хранилище 1976-01-01 Хранилище 2.13 204452 Цб 80534 120000204452 4 1.09 N: стар фонд Дата: 01.01.1976 Книги  
Vip Innovations Ltd, Rousse, Bulgaria 2025